Catálogo público

Investigación de mercado y análisis de la comercialización de la carne de conejo en la ciudad de México y zona conurbana / (Record no. 167238)

MARC details
000 -CABECERA
campo de control de longitud fija 00940nam a2200277Ia 4500
001 - NÚMERO DE CONTROL
campo de control Z_4175
003 - IDENTIFICADOR DEL NÚMERO DE CONTROL
campo de control CHAP
008 - DATOS DE LONGITUD FIJA--INFORMACIÓN GENERAL
campo de control de longitud fija 220113s2=00 xx 000 0 und d
010 ## - NÚMERO DE CONTROL DE LA BIBLIOTECA DEL CONGRESO
Número de control de LC 167238
040 ## - FUENTE DE LA CATALOGACIÓN
Centro/agencia transcriptor CHAP
090 ## - LOCALMENTE ASIGNADO TIPO-LC NÚMERO DE CLASIFICACIÓN (OCLC); NÚMERO DE CLASIFICACIÓN LOCAL (RLIN)
Número de clasificación (OCLC) (R) ; Numero de clasificación, CALL (RLIN) (NR) Tesis O 1614
100 ## - ENTRADA PRINCIPAL--NOMBRE DE PERSONA
Nombre de persona Olivares Pineda, Rodrigo
9 (RLIN) 83052
245 ## - MENCIÓN DE TÍTULO
Título Investigación de mercado y análisis de la comercialización de la carne de conejo en la ciudad de México y zona conurbana /
Mención de responsabilidad, etc. por Rodrigo Olivares Pineda
260 ## - PUBLICACIÓN, DISTRIBUCIÓN, ETC.
Lugar de publicación, distribución, etc. Chapingo, Méx. :
Nombre del editor, distribuidor, etc. El autor,
Fecha de publicación, distribución, etc. 2002
300 ## - DESCRIPCIÓN FÍSICA
Extensión 145 h.
502 ## - NOTA DE TESIS
Nota de tesis Tesis (Maestro en Ciencias en Economía del Desarrollo Rural) -- UACH. División de Ciencias Económico Administrativas
650 ## - PUNTO DE ACCESO ADICIONAL DE MATERIA--TÉRMINO DE MATERIA
Término de materia o nombre geográfico como elemento de entrada Carne de conejo
9 (RLIN) 19140
650 ## - PUNTO DE ACCESO ADICIONAL DE MATERIA--TÉRMINO DE MATERIA
Término de materia o nombre geográfico como elemento de entrada Carne de conejo
Subdivisión general Mercadeo
-- México (D.F.)
9 (RLIN) 19147
650 ## - PUNTO DE ACCESO ADICIONAL DE MATERIA--TÉRMINO DE MATERIA
Término de materia o nombre geográfico como elemento de entrada Ciencias Económico Administrativas
9 (RLIN) 141386
901 ## - ELEMENTOS DE DATOS A LOCAL LDA (RLIN)
a TESIS O 1614
902 ## - ELEMENTOS DE DATOS B LOCAL, LDB (RLIN)
a M
910 ## - DATOS DE OPCIÓN DEL USUARIO (OCLC)
Datos de opción del usuario 2=00
942 ## - ELEMENTOS DE PUNTO DE ACCESO ADICIONAL (KOHA)
Tipo de ítem Koha Tesis_
942 ## - ELEMENTOS DE PUNTO DE ACCESO ADICIONAL (KOHA)
Tipo de ítem Koha Tesis_
Holdings
Estado de retiro Estado de pérdida Fuente del sistema de clasificación o colocación Estado dañado Restricciones de uso No para préstamo Código de colección Localización permanente Ubicación/localización actual Fecha de adquisición Fuente de adquisición Total de préstamos Signatura topográfica completa Código de barras Fecha visto por última vez Número de copia Precio válido a partir de Tipo de ítem Koha
    Clasificación Universidad Autónoma de Chapingo   Préstamo interno   Tesis Zootecnia Zootecnia 09/11/2005 El autor   Tesis O45 1614 2002 5101002635 18/01/2022 Ej.1 18/01/2022 Tesis